书目信息 |
| 题名: |
外贸产业重构问题研究
|
|
| 作者: | 唐连生 , 刘铁莉 著 | |
| 分册: | ||
| 出版信息: | 北京 中国时代经济出版社 2020.4 |
|
| 页数: | 179页 | |
| 开本: | 24cm | |
| 丛书名: | ||
| 单 册: | ||
| 中图分类: | F752.855.3 | |
| 科图分类: | ||
| 主题词: | 地方外贸--di fang wai mao--产业发展--研究--宁波 | |
| 电子资源: | ||
| ISBN: | 978-7-5119-3002-6 | |
| 000 | 01306nam0 2200301 450 | |
| 001 | 2157989276 | |
| 005 | 20211011172911.0 | |
| 010 | @a978-7-5119-3002-6@dCNY56.00 | |
| 100 | @a20201231d2020 em y0chiy50 ea | |
| 101 | 0 | @achi |
| 102 | @aCN@b110000 | |
| 105 | @aa a 000yy | |
| 106 | @ar | |
| 200 | 1 | @a外贸产业重构问题研究@Awai mao chan ye chong gou wen ti yan jiu@e基于新平台下的宁波实证@f唐连生, 刘铁莉著 |
| 210 | @a北京@c中国时代经济出版社@d2020.4 | |
| 215 | @a179页@c图@d24cm | |
| 300 | @a贝壳学术 | |
| 306 | @a宁波工程学院学术专著出版基金资助出版 | |
| 314 | @a唐连生, 宁波工程学院教授、硕士生导师。刘铁莉, 宁波工程学院电信学院讲师, 工商管理硕士。 | |
| 320 | @a有书目 (第177-179页) | |
| 330 | @a本书以新平台下的宁波外贸产业形势为例, 全面探讨了我国的外贸产业重构问题。该书分为外贸、物流运营、多式联运、交通4篇, 详细阐述了外贸产业链各个环节现状、运营模式和发展形势, 分解和融合了外贸产业链的各项活动, 并提出了一些实用的外贸产业重构设想和对策。 | |
| 517 | 1 | @a基于新平台下的宁波实证@Aji yu xin ping tai xia de ning bo shi zheng |
| 606 | 0 | @a地方外贸@Adi fang wai mao@x产业发展@x研究@y宁波 |
| 690 | @aF752.855.3@v5 | |
| 701 | 0 | @a唐连生@Atang lian sheng@4著 |
| 701 | 0 | @a刘铁莉@Aliu tie li@f1973-@4著 |
| 801 | 0 | @aCN@b百万庄@c20211006 |
| 905 | @b1305997-06000@dF752.855.3@e63@f4 | |
| 外贸产业重构问题研究:基于新平台下的宁波实证/唐连生, 刘铁莉著.-北京:中国时代经济出版社,2020.4 |
| 179页:图;24cm |
| 贝壳学术 |
| ISBN 978-7-5119-3002-6:CNY56.00 |
| 本书以新平台下的宁波外贸产业形势为例, 全面探讨了我国的外贸产业重构问题。该书分为外贸、物流运营、多式联运、交通4篇, 详细阐述了外贸产业链各个环节现状、运营模式和发展形势, 分解和融合了外贸产业链的各项活动, 并提出了一些实用的外贸产业重构设想和对策。 |
| ● |
| 相关链接 |
|
|
|
|
正题名:外贸产业重构问题研究
索取号:F752.855.3/63
 
预约/预借
| 序号 | 登录号 | 条形码 | 馆藏地/架位号 | 状态 | 备注 |
| 1 | 1305997 | 213059973 | 第一样本阅览室/ [索取号:F752.855.3/63] | 在馆 | |
| 2 | 1305998 | 213059982 | 第一借阅区/ [索取号:F752.855.3/63] | 在馆 | |
| 3 | 1305999 | 213059991 | 第一借阅区/ [索取号:F752.855.3/63] | 在馆 | |
| 4 | 1306000 | 213060006 | 第一借阅区/ [索取号:F752.855.3/63] | 在馆 |